000 00381nam a2200133Ia 4500
008 240112s1971(JAN-JUNE) xx 000 0 und d
041 _aeng
082 _a543.705
100 _aAPPLETON H.D.
245 _aCLINICAL CHEMISTRY :JOURNAL OF THE AMERICAN ASS.OF THE CLINICAL CHEMISTS
260 _bPAUL B.HARPER
_c1971(JAN-JUNE)
300 _a572,HB
_c(1-6)
440 _v17
999 _c1140798
_d1140798